000 00389nam a22001697a 4500
003 SGT
005 20260629111323.0
020 _a9789382219262
082 _a614.44
_bP25P
100 _aPARK, K.
245 _aPARK'S TB. OF PREVENTIVE & SOCIAL MEDICINE
250 _a28TH
260 _aINDIA
_bBHANOT PUB
_c2025
300 _a1060
650 _aCOMMUNITY MEDICINE
942 _2ddc
_cBK
999 _c34982
_d34982